/ دیللی کی درگاہ شھ مرداں (Record no. 106035)

MARC details
000 -LEADER
fixed length control field 00861nam a22002537a 4500
005 - DATE AND TIME OF LATEST TRANSACTION
control field 20170123162302.0
010 ## - LIBRARY OF CONGRESS CONTROL NUMBER
LC control number A-374859
020 ## - INTERNATIONAL STANDARD BOOK NUMBER
Terms of availability 33.00
International Standard Book Number 8171210287
035 ## - SYSTEM CONTROL NUMBER
System control number A-374859
037 ## - SOURCE OF ACQUISITION
Source of stock number/acquisition Cen Lib/Ret
040 ## - CATALOGING SOURCE
Original cataloging agency DPL
Language of cataloging UR
082 ## - DEWEY DECIMAL CLASSIFICATION NUMBER
Classification number 270
100 ## - MAIN ENTRY--PERSONAL NAME
Personal name خلیک انجمن
9 (RLIN) 136748
245 ## - TITLE STATEMENT
Title / دیللی کی درگاہ شھ مرداں
Statement of responsibility, etc اشرف صبوحی دہلوی
246 ## - VARYING FORM OF TITLE
Title proper/short title Dilli ki dargahe mardan
Remainder of title by Khaleek Anjaman
260 ## - PUBLICATION, DISTRIBUTION, ETC. (IMPRINT)
Place of publication, distribution, etc دہلی
Name of publisher, distributor, etc اردو اکیڈمی
Date of publication, distribution, etc 1988
270 ## - ADDRESS
Address گھنٹہ مسجد روڈ ، دریاگنج
City دہلی
Postal code 110002
300 ## - PHYSICAL DESCRIPTION
Extent 173p.
Dimensions 20cm(Hb)
650 ## - SUBJECT ADDED ENTRY--TOPICAL TERM
Topical term or geographic name as entry element تاریخ
Form subdivision
Geographic subdivision دہلی
9 (RLIN) 136749
650 ## - SUBJECT ADDED ENTRY--TOPICAL TERM
Topical term or geographic name as entry element مذہب اسلام
9 (RLIN) 136750
650 ## - SUBJECT ADDED ENTRY--TOPICAL TERM
Topical term or geographic name as entry element History
Geographic subdivision India
9 (RLIN) 436
650 ## - SUBJECT ADDED ENTRY--TOPICAL TERM
Topical term or geographic name as entry element Islam religion
9 (RLIN) 830
942 ## - ADDED ENTRY ELEMENTS (KOHA)
Source of classification or shelving scheme Dewey Decimal Classification
Koha item type Urdu Bks
Classification part 270
Call number suffix خ ل ی
Holdings
Withdrawn status Lost status Damaged status Not for loan Collection code Home library Current library Date acquired Source of acquisition Cost, normal purchase price Total Checkouts Full call number Barcode Date last seen Copy number Cost, replacement price Price effective from Koha item type
      Not For Loan Reference Central Library Central Library 26/05/2015 Cen Lib/Ret 33.00   270 خ ل ی A-374859 26/05/2015 1 33.00 26/05/2015 Urdu Bks

© Delhi Public Library
Hit Counter
free hit counter